Undergraduate origins of recent (1991-95) science and engineering doctorate recipients /

Bibliographic Details
Main Author: Hill, Susan, 1951-
Corporate Author: National Science Foundation (U.S.). Division of Science Resources Studies
Format: Government Document Microform Book
Language:English
Published: Arlington, VA : Division of Science Resources Studies, Directorate for Social, Behavioral, and Economic Sciences, National Science Foundation, [1996]
Series:Special report (National Science Foundation (U.S.))
Subjects:
Online Access:https://purl.fdlp.gov/GPO/LPS2084

MARC

Tag First Indicator Second Indicator Subfields
LEADER 00000cam a2200000 a 4500
001 in00000001651
007 he bmb024bbca
008 981112s1996 vaua bbs f000 0 eng d
005 20230309222536.2
035 |a (OCoLC)40293096 
035 |9 AJC4061AM 
035 |a in00000001651 
040 |d GPO  |d DLC  |d MvI  |d UtOrBLW 
049 |a UDOC 
049 |a WWW 
074 |a 0834-C (MF) 
074 |a 0834-C (online) 
086 0 |a NS 1.2:UN 2/4/996 
088 |a NSF 96-334 
100 1 |a Hill, Susan,  |d 1951- 
245 1 0 |a Undergraduate origins of recent (1991-95) science and engineering doctorate recipients /  |c Susan T. Hill. 
264 1 |a Arlington, VA :  |b Division of Science Resources Studies, Directorate for Social, Behavioral, and Economic Sciences, National Science Foundation,  |c [1996] 
300 |a xi, 91 pages :  |b illustrations ;  |c 28 cm. 
336 |a text  |b txt  |2 rdacontent 
337 |a microform  |b h  |2 rdamedia 
338 |a microfiche  |b he  |2 rdacarrier 
490 1 |a Special report 
500 |a Shipping list number: 98-1101-M. 
500 |a "December 1996"--P. v. 
500 |a Chiefly tables. 
504 |a Includes bibliographical references. 
500 |a "NSF 96-334." 
533 |a Microfiche.  |b [Washington, D.C.] :  |c Supt. of Docs., U.S. G.P.O.,  |d [1998]  |e 2 microfiches : negative. 
530 |a Also available via Internet from the NSF web site. 
500 |a Microform. 
650 0 |a Graduate students in engineering  |z United States  |x Statistics. 
650 0 |a Graduate students in science  |z United States  |x Statistics. 
710 2 |a National Science Foundation (U.S.).  |b Division of Science Resources Studies. 
830 0 |a Special report (National Science Foundation (U.S.)) 
856 4 1 |u https://purl.fdlp.gov/GPO/LPS2084  |t 0 
999 |a MARS 
999 f f |i d97efc1d-9af3-3732-9c1e-59970a687896  |s 82b4069c-52ab-3b17-8ff9-5f0b7350ad59  |t 0 
952 f f |p normal  |a Texas A&M University  |b College Station  |c Sterling C. Evans Library  |d Evans: US Documents Microfiche (3rd floor)  |t 0  |e NS 1.2:UN 2/4/996  |h Superintendent of Documents classification  |i microform -- microfiche  |m A14838411088 
952 f f |a Texas A&M University  |b College Station  |c Electronic Resources  |d Available Online  |t 0  |e NS 1.2:UN 2/4/996  |h Superintendent of Documents classification 
998 f f |a NS 1.2:UN 2/4/996  |t 0  |l Evans: US Documents Microfiche (3rd floor) 
998 f f |a NS 1.2:UN 2/4/996  |t 0  |l Available Online